000 02045cam a22003611i 4500
003 SA-RiAUC
005 20250204074002.0
008 250202s2010 mr g b 000 0 ara c
020 _a9789953819921
040 _aoqu
_bara
_cSA-RiAUC
_erda
043 _af-mr---
082 0 4 _a235.1
090 _a235.1
_b ا ب ن ع
100 1 _aابن عزوز، محمد
_eمؤلف.
245 1 0 _aكرسي صحيح الإمام البخاري بجامع القرويين بمدينة فاس /
_cمحمد بن عزوز. ويليه عون الباري على فهم آخر تراجم صحيح الإمام البخاري / أحمد بن الطالب بن محمد بن سودة.
250 _aالطبعة الأولى.
264 1 _aالدار البيضاء، المغرب :
_bمركز التراث الثقافي المغربي،
_c2010
300 _a249 صفحة ؛
_c24 سم.
336 _aنص
_btxt
_2rdacontent
_3كتاب
337 _aبدون وسيط
_bn
_2rdamedia
338 _aمجلد
_bnc
_2rdacarrier
490 0 _aسلسلة الكراسي العملية بجامع القرويين ؛
_v2
504 _aيشتمل على إرجاعات ببليوجرافية.
610 2 7 _aجامع القرويين (فاس، المغرب)
_xتاريخ
_2aucnm
650 7 _aصحيح البخاري
_2aucsh
700 1 2 _aالبخاري، محمد بن إسماعيل بن إبراهيم،
_d194-256 هجري
700 1 2 _aأحمد بن سودة، أحمد بن الطالب بن محمد،
_d1241-1321 هجري
_tعون الباري على فهم آخر تراجم صحيح الإمام البخاري.
740 0 2 _aصحيح البخاري، المسمى، الجامع الصحيح المسند من حديث رسول الله وسننه وأيامه.
740 2 2 _aالجامع الصحيح المسند من حديث رسول الله وسننه وأيامه.
740 0 2 _aعون الباري على فهم آخر تراجم صحيح الإمام البخاري.
942 _2ddc
_cBOOK
_n0
949 _aSA-JeALM
_d250202
_uosman123
_n1
999 _c5560
_d5560